Quizzes
Events
Quiz Creation
Community
Videos
Private Events
Remove Ads
Sign In
Join for FREE
Feedback
Dark Mode
Quiz Categories
Sports
Geography
Music
Movies
Television
Just For Fun
Miscellaneous
History
Literature
Language
Science
Gaming
Entertainment
Religion
Holiday
For Kids
Quiz Lab
Recent
Popular Today
Quiz Kudos Today
Editor Picks
Curator Picks
Quizzes by...
Day
Popularity
Type
Ratings
Length
Year
Community
Subscriptions
Recent Discussions
Orange Saloon
Badges
Playlists
Quests
Create
Leaderboards
Showdown
Live 5
Trivia Bingo
Activity
Puzzle Library
Sporcle Events
Private Events
Virtual Trivia
Globe League
Become a Host
Pub Owners
SporcleCon
Opinionation
Our Games
Videos
Blog
Mobile Apps
Partnerships
Remove Ads and Go Orange
Feedback
Gaming
Video Games
Board Games
Card Games
Pokémon
Mario
Nintendo
Minecraft
Console
Toys
Legend of Zelda
Gaming
Video Games
Board Games
Card Games
Pokémon
Mario
Nintendo
Minecraft
Console
Toys
Legend of Zelda
Random Quiz
Search Sporcle
×
Curator Pick
Curator Pick
Gaming
Mario
Type in answers that appear in a list
Type in answers that appear in a list
Classic
Best Score? Go Orange.
Super Mario 3D World Levels Stats
Can you name the Super Mario 3D World Levels?
By
ilovededede
20m
116 Questions
163 Plays
163 Plays
163 Plays
Comments
Comments
Give Quiz Kudos
Give Quiz Kudos
-
- Ratings
hide this ad
Replay
Link that replays current quiz
Next Quiz
Link to next quiz in quiz playlist
You Got
0%
They Got
Avg Score
44%
Avg Friend Score
Upgrade to see
Score Distribution
Jump to the score distribution portion of the page
Score
0/116
Timer
20:00
0
Plays Today
World
Level
% Correct
World 1
Super Bell Hill
87.1%
World 1
Koopa Troopa Cave
67.5%
World 1
Chargin' Chuck Blockade
63.2%
World 1
Mount Beanpole
62.6%
World 1
Plessie's Plunging Falls
62%
World 1
Switch Scramble Circus
57.7%
World 2
Conkdor Canyon
57.7%
World 2
Double Cherry Pass
55.8%
World 1
Captain Toad Goes Forth
54.6%
World 2
Shadow-Play Alley
54.6%
World Crown
Champion's Road
54.6%
World 1
Bowser's Highway Showdown
54%
World 2
Really Rolling Hills
54%
World 2
Mystery House Melee
52.1%
World 4
Ant Trooper Hill
52.1%
World 3
Snowball Park
49.7%
World Star
Super Galaxy
49.7%
World 2
Big Galoomba Blockade
49.1%
World 3
Mount Must Dash
49.1%
World 3
The Bullet Bill Express
49.1%
World 3
Magikoopa Blockade
48.5%
World 4
Piranha Creeper Creek
48.5%
World 4
Fire Bros. Hideout #1
48.5%
World Crown
Mystery House Marathon
48.5%
World 6
Hands-On Hall
47.9%
World 4
Beep Block Skyway
47.2%
World 5
Fire Bros. Hideout #2
47.2%
World 6
Prince Bully Blockade
47.2%
World Star
Rainbow Run
47.2%
World 2
Puffprod Peaks
46.6%
World 5
Sprawling Savanna
46.6%
World 6
Fire Bros. Hideout #3
46.6%
World Crown
Captain Toad's Fiery Finale
46.6%
World 3
Chain-Link Charge
46%
World 3
Shifty Boo Mansion
46%
World 3
Pretty Plaza Panic
46%
World 4
Brolder Blockade
46%
World 4
Spike's Lost City
46%
World Bowser
The Bowser Express
46%
World
Level
% Correct
World 2
Bowser's Bullet Bill Brigade
45.4%
World Castle
Fort Fire Bros.
45.4%
World 3
A Banquet with Hisstocrat
44.8%
World Castle
Fire Bros. Hideout #4
44.8%
World 3
Pipeline Lagoon
44.2%
World 3
Captain Toad Makes a Splash
44.2%
World 5
King Ka-Thunk's Castle
44.2%
World 3
Switchboard Falls
43.6%
World Mushroom
Night Falls on Really Rolling Hills
43.6%
World 4
Big Bounce Byway
42.9%
World Castle
Boiling Blue Bully Belt
42.9%
World 5
Tricky Trapeze Theater
42.3%
World 5
Chargin' Chuck Blockade Is Back
42.3%
World 6
Fuzzy Time Mine
42.3%
World Castle
Red-Hot Run
42.3%
World Castle
Captain Toad Gets Thwomped
42.3%
World Bowser
The Great Tower of Bowser Land
42.3%
World Mushroom
Mystery House Brawl
42.3%
World 5
Sunshine Seaside
41.7%
World 5
Searchlight Sneak
41.7%
World 6
Clear Pipe Cruise
41.7%
World Bowser
Spiky Spike Bridge
41.7%
World Bowser
Plessie's Dune Downhill
41.7%
World Bowser
Cookie Cogworks
41.7%
World Star
The Great Goal Pole
41.7%
World Star
Cosmic Cannon Cluster
41.7%
World Mushroom
Back to Hands-On Hall
41.7%
World 4
Lava Rock Lair
41.1%
World 5
Cakewalk Flip
41.1%
World 6
Bowser's Bob-omb Brigade
41.1%
World 6
Mystery House Throwdown
41.1%
World Castle
Brolder Blockade Is Back
41.1%
World Flower
Boss Blitz
41.1%
World 5
Backstreet Bustle
40.5%
World 6
Spooky Seasick Wreck
40.5%
World 6
Bullet Bill Base
40.5%
World Castle
Prince Bully Blockade Is Back
40.5%
World Castle
Trick Trap Tower
40.5%
World Castle
Rammerhead Reef
40.5%
World
Level
% Correct
World Bowser
Deepwater Dungeon
40.5%
World Mushroom
Broken Blue Bully Belt
40.5%
World 4
Mystery House Mad Dash
39.9%
World 5
Captain Toad Plays Peek-a-Boo
39.9%
World 6
Deep Jungle Drift
39.9%
World Mushroom
Spiky Mount Beanpole
39.3%
World Flower
Switch Shock Circus
39.3%
World Flower
Shiftier Boo Mansion
39.3%
World 5
Bob-ombs Below
38.7%
World 6
Ty-Foo Flurries
38.7%
World 6
Motley Bossblob's Big Battle
38.7%
World Castle
Bowser's Lava Lake Keep
38.7%
World Bowser
Grumblump Inferno
38.7%
World Star
Captain Toad Takes a Spin
38.7%
World Mushroom
Trouble in Shadow-Play Alley
38.7%
World Castle
Simmering Lava Lake
38%
World Bowser
Mystery House Claw Climb
38%
World Star
Gargantuan Grotto
38%
World Mushroom
Deep-Black Jungle Drift
38%
World Star
Honeycomb Starway
37.4%
World Star
Peepa's Fog Bog
37.4%
World Flower
Piranha Creeper Creek After Dark
37.4%
World Flower
Faster Fort Fire Bros.
37.4%
World Flower
Sprawling Savanna Rabbit Run
37.4%
World Flower
Blast Block Skyway
37.4%
World Flower
Honeycomb Skyway
37.4%
World Bowser
Footlight Lane
36.8%
World Mushroom
Gigantic Seasick Wreck
36.8%
World Castle
Switchblack Ruins
36.2%
World Bowser
Motley Bossblob's Encore
36.2%
World Bowser
Hisstocrat Returns
36.2%
World Star
Rolling Ride Run
36.2%
World Star
Super Block Land
36.2%
World Bowser
A Beam in the Dark
35.6%
World Flower
Towering Sunshine Seaside
35%
World Flower
Floating Fuzzy Time Mine
33.7%
World Flower
Spiky Spike Bridge Sneak
33.7%
World Flower
Pipeline Boom Lagoon
32.5%
Quiz Playlist
Details
Report
Send in Message
Add To Playlist
Classic:
Type in answers that appear in a list
Last Updated: Feb 16, 2017
Curator Pick in
Mario
Quiz Scoreboard
CHALLENGE
Sign Up to Join the Scoreboard
Show All
Scores
Hide
Comments
May contain spoilers
Recently Published
Popular People in 1961
by mucciniale
History
6m
1-10 Letter E Words III
by El_Dandy
Language
2m
One Thing in Common: World Cities II
by knightlancer
Geography
7m
More to Explore
Quiz From the Vault
Featured Blog Post
Where Did the Easter Bunny Come From?
hide this ad
You Might Also Like...
Tags
Mario Quiz
World Quiz
Level
Overall
Today's Top Quizzes in Gaming
Browse Gaming
hide this ad
Today's Top Quizzes in Mario
Browse Mario
Top Contributed Quizzes in Gaming
1
Destiny 2 exotic weapons by perk icons
2
Who's on the WWE 2K24 Cover?
3
Windmill: Pokémon
4
Overwatch 2 Heroes by Selection Quote
5
Genshin murder mystery
6
Overwatch 2: Ultimate Ability Icons
7
Franchise by Action Figure
8
Legendary or Exotic?
9
Genshin Impact Logic Puzzle
10
Genshin Impact Logic Puzzle Quiz
Explore More
Trending Topics
Marvel
Disney
Crossword
Anime
Harry Potter
Kpop
NBA
WWE
Pokémon
Song
Country
NFL
The Office
Soccer
Puzzle
hide this ad
More By:
ilovededede
Quiz
Plays
Rating
Category
Featured
Created
158 Largest British Columbia Cities
1,395
5.00
Geography
Oct 26, 2013
Mario Kart 8 (Deluxe) Ultimate Quiz
1,186
4.14
Gaming
May 3, 2014
U.S. Cites Over 100k
759
4.83
Geography
Mar 1, 2015
6 Largest Cities of Each U.S. State
740
4.00
Geography
Mar 23, 2015
Super Smash Bros. Melee Tier List
657
1.63
Gaming
May 11, 2014
Go to Creator's Profile
Score Distribution
Quiz Creator Spotlight
ilovededede
Follow
Send a Message
Quizzes Created
-
Created Quiz Play Count
-
More By This Creator
Popular Quizzes Today
1
Find the US States - No Outlines Minefield
2
Find the Countries of Europe - No Outlines Minefield
3
The Countries of the World
4
Popular People in 1961
5
1-10 Letter E Words III
6
Find the US States
7
One Thing in Common: World Cities II
8
US States
More Gaming Quizzes
Standard galactic alphabet (Commander keen)
Quiz Lab
Trending Quizzes
Risky Map Clicking: Least Populous States A-Z
1-10 Letter F Words
1-10 Letter G Words
One Thing in Common: United Kingdom
Risky Map Clicking: Next State Alphabetically
Recently Updated
Leaping Animals
pecheneg
Reality TV Shows (A-Z)
bhenderson79
Rickey Henderson's Hall of Fame Teammates
pecheneg
Champions League XIs: Arsenal
pecheneg
Quick Pick: Celebrities in WWE's Hall of Fame
aduchscher
A-Z Keypad Blitz II
pecheneg
Multiple Oscar Actors
pecheneg
Mystery Phrase Blitz: Oscar 'Best Actors'
pecheneg
F. Scott Fitzgerald Novels
LTH
Pick 3 Villains
ddd62291
Trending Topics
Disney
Marvel
Harry Potter
Kpop
Anime
Crossword
NBA
Puzzle
NFL
Soccer
Pokémon
Country
WWE
Song
The Office
Your Account Isn't Verified!
In order to create a playlist on Sporcle, you need to verify the email address you used during registration. Go to your
Sporcle Settings
to finish the process.
Report this User
Report this user for behavior that violates our
Community Guidelines
.
Details:
Send Report
Go to the Sporcle.com Mobile Site →
Comments